| 000 | 00413nam a22001457a 4500 | ||
|---|---|---|---|
| 020 | _qPB. | ||
| 040 | _cFIZZA ISHAQ | ||
| 082 |
_a930 _bNAG |
||
| 100 |
_a Nagle, D. Brendan. _9134012 |
||
| 245 |
_aThe Ancient World: A Social and Cultural History / _c D.Brendan Nagle. |
||
| 250 | _aThird ED. | ||
| 260 |
_aNew Jersey : _bPrentice Hall , _c1996. |
||
| 300 |
_a452 P. ; _c1 x 7.25 x 9.25 inches |
||
| 942 |
_2ddc _cBK |
||
| 999 |
_c616932 _d616932 |
||